|
|
|
|
| LEADER |
00000cas a2200000 a 4500 |
| 001 |
vtls001480554 |
| 003 |
SK-MaSNL |
| 005 |
20260228160714.0 |
| 008 |
040824d19972014xo qr|p 0 0b0slo |
| 022 |
|
|
|a 1335-2784
|
| 035 |
|
|
|a SNK000435852
|
| 035 |
|
|
|a (SVKBB03)vtls000191623
|
| 040 |
|
|
|a SNK
|b slo
|c SNK
|d SVKBB
|d SNK
|e AACR2
|
| 041 |
0 |
|
|a slo
|
| 044 |
|
|
|a xo
|c SK
|
| 072 |
|
7 |
|a 676
|x Papierenský priemysel
|2 konspekt
|
| 080 |
|
|
|a 676
|2 2001
|
| 080 |
|
|
|a 050
|2 2001
|
| 210 |
0 |
|
|a Pap. info-inzert
|
| 222 |
|
0 |
|a Papiernický info-inzert
|
| 245 |
0 |
0 |
|a Papiernický info-inzert
|b špecializovaný časopis pre kancelársky, školský, papiernický sortiment
|
| 260 |
|
|
|a Bratislava
|b Vlastimil Autrata
|c 1997-2014
|
| 300 |
|
|
|a 18 zv.
|c 30 cm
|
| 310 |
|
|
|a 4x ročne
|
| 362 |
0 |
|
|a Roč. 1., č. 0 (1997)-
|
| 500 |
|
|
|a Od r. 1997-2011 podnázov: špecializovaný informačno-inzertný časopis
|
| 500 |
|
|
|a Evidenčné číslo: EV 1598/08
|
| 500 |
|
|
|a Registračné číslo: MK SR 3072/2003
|
| 500 |
|
|
|a Má nulté vydanie
|
| 650 |
0 |
7 |
|a papierenský priemysel
|2 SNKPH
|9 58727
|
| 655 |
|
7 |
|a inzertné časopisy
|2 SNKPH
|9 70809
|
| 850 |
|
|
|a Slovenská národná knižnica v Martine
|
| 852 |
|
|
|a Štátna vedecká knižnica v Banskej Bystrici
|
| 910 |
|
|
|a snk
|
| 999 |
|
|
|c 3429
|d 5359
|
| 952 |
|
|
|0 0
|1 0
|4 0
|7 0
|8 0
|a SNK
|b SNK
|d 2017-01-16
|i snk2017/1199
|l 0
|o snkČSB 6306/16/2012 D1
|p 17A1204736
|r 2026-02-21 19:57:35
|t č. 1-4, neúplné
|w 2026-02-21
|y PREZ
|z Chýba č. 4
|
| 952 |
|
|
|0 0
|1 0
|4 0
|7 0
|8 0
|a SNK
|b SNK
|d 2017-01-16
|i snk2017/1201
|l 0
|o snkČSB 6306/17/2013
|p 17A1204735
|r 2026-02-21 19:57:35
|t č. 1-4
|w 2026-02-21
|y PREZ
|
| 952 |
|
|
|0 0
|1 0
|4 0
|7 0
|8 0
|a SNK
|b SNK
|d 2017-01-16
|i snk2017/1203
|l 0
|o snkČSB 6306/17/2013 D1
|p 17A1204734
|r 2026-02-21 19:57:35
|t č. 1-4
|w 2026-02-21
|y PREZ
|
| 952 |
|
|
|0 0
|1 0
|4 0
|7 0
|8 0
|a SNK
|b SNK
|d 2017-01-16
|i snk2017/1139
|l 0
|o snkČSB 6306/9/2005
|p 17A1204751
|r 2026-02-21 20:13:25
|t č. 1-4
|w 2026-02-21
|y PREZ
|
| 952 |
|
|
|0 0
|1 0
|4 0
|7 0
|8 0
|a SNK
|b SNK
|d 2017-01-16
|i snk2017/1140
|l 0
|o snkČSB 6306/9/2005 D1
|p 17A1204750
|r 2026-02-21 20:13:26
|t č. 1-4
|w 2026-02-21
|y PREZ
|
| 952 |
|
|
|0 0
|1 0
|4 0
|7 0
|8 0
|a SNK
|b SNK
|d 2017-01-16
|i snk2017/1143
|l 0
|o snkČSB 6306/10/2006
|p 17A1204749
|r 2026-02-21 20:13:26
|t č. 1-4
|w 2026-02-21
|y PREZ
|
| 952 |
|
|
|0 0
|1 0
|4 0
|7 0
|8 0
|a SNK
|b SNK
|d 2017-01-16
|i snk2017/1144
|l 0
|o snkČSB 6306/10/2006 D1
|p 17A1204748
|r 2026-02-21 20:13:26
|t č. 1-4
|w 2026-02-21
|y PREZ
|
| 952 |
|
|
|0 0
|1 0
|4 0
|7 0
|8 0
|a SNK
|b SNK
|d 2017-01-16
|i snk2017/1151
|l 0
|o snkČSB 6306/11/2007
|p 17A1204747
|r 2026-02-21 20:13:26
|t č. 1-4
|w 2026-02-21
|y PREZ
|
| 952 |
|
|
|0 0
|1 0
|4 0
|7 0
|8 0
|a SNK
|b SNK
|d 2017-01-16
|i snk2017/1164
|l 0
|o snkČSB 6306/11/2007 D1
|p 17A1204746
|r 2026-02-21 20:13:26
|t č. 1-4
|w 2026-02-21
|y PREZ
|
| 952 |
|
|
|0 0
|1 0
|4 0
|7 0
|8 0
|a SNK
|b SNK
|d 2017-01-16
|i snk2017/1165
|l 0
|o snkČSB 6306/12/2008
|p 17A1204745
|r 2026-02-21 20:13:26
|t č. 1-4
|w 2026-02-21
|y PREZ
|
| 952 |
|
|
|0 0
|1 0
|4 0
|7 0
|8 0
|a SNK
|b SNK
|d 2017-01-16
|i snk2017/1122
|l 0
|o snkČSB 6306/1/1997
|p 17A1204757
|r 2026-02-21 20:13:32
|t č. 0
|w 2026-02-21
|y PREZ
|
| 952 |
|
|
|0 0
|1 0
|4 0
|7 0
|8 0
|a SNK
|b SNK
|d 2017-01-16
|i snk2017/1178
|l 0
|o snkČSB 6306/12/2008 D1
|p 17A1204744
|r 2026-02-21 20:14:31
|t č. 1-4
|w 2026-02-21
|y PREZ
|
| 952 |
|
|
|0 0
|1 0
|4 0
|7 0
|8 0
|a SNK
|b SNK
|d 2017-01-16
|i snk2017/1126
|l 0
|o snkČSB 6306/1/1997 D1
|p 17A1204756
|r 2026-02-21 20:14:36
|t č. 0
|w 2026-02-21
|y PREZ
|
| 952 |
|
|
|0 0
|1 0
|4 0
|7 0
|8 0
|a SNK
|b SNK
|d 2017-01-16
|i snk2017/1133
|l 0
|o snkČSB 6306/8/2004
|p 17A1204753
|r 2026-02-21 20:14:36
|t č. 1-4
|w 2026-02-21
|y PREZ
|
| 952 |
|
|
|0 0
|1 0
|4 0
|7 0
|8 0
|a SNK
|b SNK
|d 2017-01-16
|i snk2017/1134
|l 0
|o snkČSB 6306/8/2004 D1
|p 17A1204752
|r 2026-02-21 20:14:36
|t č. 1-4
|w 2026-02-21
|y PREZ
|
| 952 |
|
|
|0 0
|1 0
|4 0
|7 0
|8 0
|a SNK
|b SNK
|d 2017-01-16
|i snk2017/1128
|l 0
|o snkČSB 6306/7/2003
|p 17A1204755
|r 2026-02-21 20:22:17
|t č. 1-4, neúplné
|w 2026-02-21
|y PREZ
|z Chýba č. 1, 2, 3
|
| 952 |
|
|
|0 0
|1 0
|4 0
|7 0
|8 0
|a SNK
|b SNK
|d 2017-01-16
|i snk2017/1132
|l 0
|o snkČSB 6306/7/2003 D1
|p 17A1204754
|r 2026-02-21 20:22:17
|t č. 1-4, neúplné
|w 2026-02-21
|y PREZ
|z Chýba č. 1, 2, 3
|
| 952 |
|
|
|0 0
|1 0
|4 0
|7 0
|8 0
|a SNK
|b SNK
|d 2017-01-16
|i snk2017/1180
|l 0
|o snkČSB 6306/13/2009
|p 17A1204743
|r 2026-02-21 21:48:10
|t č. 1-4
|w 2026-02-21
|y PREZ
|
| 952 |
|
|
|0 0
|1 0
|4 0
|7 0
|8 0
|a SNK
|b SNK
|d 2017-01-16
|i snk2017/1182
|l 0
|o snkČSB 6306/13/2009 D1
|p 17A1204742
|r 2026-02-21 21:48:11
|t č. 1-4
|w 2026-02-21
|y PREZ
|
| 952 |
|
|
|0 0
|1 0
|4 0
|7 0
|8 0
|a SNK
|b SNK
|d 2017-01-16
|i snk2017/1185
|l 0
|o snkČSB 6306/14/2010
|p 17A1204741
|r 2026-02-21 21:48:11
|t č. 1-4
|w 2026-02-21
|y PREZ
|
| 952 |
|
|
|0 0
|1 0
|4 0
|7 0
|8 0
|a SNK
|b SNK
|d 2017-01-16
|i snk2017/1186
|l 0
|o snkČSB 6306/14/2010 D1
|p 17A1204740
|r 2026-02-21 21:48:11
|t č. 1-4
|w 2026-02-21
|y PREZ
|
| 952 |
|
|
|0 0
|1 0
|4 0
|7 0
|8 0
|a SNK
|b SNK
|d 2017-01-16
|i snk2017/1189
|l 0
|o snkČSB 6306/15/2011
|p 17A1204739
|r 2026-02-21 21:48:11
|t č. 1-4
|w 2026-02-21
|y PREZ
|
| 952 |
|
|
|0 0
|1 0
|4 0
|7 0
|8 0
|a SNK
|b SNK
|d 2017-01-16
|i snk2017/1192
|l 0
|o snkČSB 6306/15/2011 D1
|p 17A1204738
|r 2026-02-21 21:48:11
|t č. 1-4
|w 2026-02-21
|y PREZ
|
| 952 |
|
|
|0 0
|1 0
|4 0
|7 0
|8 0
|a SNK
|b SNK
|d 2017-01-16
|i snk2017/1195
|l 0
|o snkČSB 6306/16/2012
|p 17A1204737
|r 2026-02-21 21:48:11
|t č. 1-4
|w 2026-02-21
|y PREZ
|
| 952 |
|
|
|0 0
|1 0
|4 0
|7 0
|8 0
|a SNK
|b SNK
|d 2017-01-16
|i snk2017/1205
|l 0
|o snkČSB 6306/18/2014
|p 17A1204733
|r 2026-02-21 21:48:11
|t č. 1-3
|w 2026-02-21
|y PREZ
|
| 952 |
|
|
|0 0
|1 0
|4 0
|7 0
|8 0
|a SNK
|b SNK
|d 2017-01-16
|i snk2017/1208
|l 0
|o snkČSB 6306/18/2014 D1
|p 17A1204732
|r 2026-02-21 21:48:11
|t č. 1-3
|w 2026-02-21
|y PREZ
|